Złoty jubileusz /
Saved in:
| 企業作者: | |
|---|---|
| 其他作者: | |
| 格式: | 圖書 |
| 語言: | 波兰语 Undetermined |
| 出版: |
Warszawa :
Story House Egmont sp. z o.o.,
© 2023.
|
| 叢編: | Gigant Poleca
t. 242 |
| 主題: | |
| 標簽: |
沒有標簽, 成為第一個標記此記錄!
|
MARC
| LEADER | 00000nam a2200000 i 4500 | ||
|---|---|---|---|
| 001 | 991053062908705066 | ||
| 005 | 20260515095020.0 | ||
| 008 | 230210s2023 pl a c 6 |000 1 pol c | ||
| 009 | b1000002845311 | ||
| 020 | |a 9788328151369 |q (oprawa miękka) : |c zł 17,99 | ||
| 035 | |a (PL)b1000002845311 | ||
| 035 | |a (EXLNZ-48OMNIS_NETWORK)9913167769505606 | ||
| 040 | |a MBPWR |c MBPWR |d MBPWR |d WA N |d KR U |d MBPWR | ||
| 041 | 1 | |a pol |h und | |
| 046 | |k 2023 | ||
| 080 | |a 82-93 | ||
| 245 | 0 | 0 | |a Złoty jubileusz / |c [tłumaczenie: Jacek Drewnowski]. |
| 260 | |a Warszawa : |b Story House Egmont sp. z o.o., |c © 2023. | ||
| 300 | |a 254, [2] strony : |b ilustracje ; |c 19 cm. | ||
| 336 | |a Obraz |b sti |2 rdacontent | ||
| 336 | |a Tekst |b txt |2 rdacontent | ||
| 337 | |a Bez urządzenia pośredniczącego |b n |2 rdamedia | ||
| 338 | |a Wolumin |b nc |2 rdacarrier | ||
| 380 | |a Książki | ||
| 380 | |a Komiksy i książki obrazkowe | ||
| 385 | |m Grupa wiekowa |a Dzieci | ||
| 385 | |m Grupa wiekowa |a 9-13 lat | ||
| 388 | 1 | |a 2001- | |
| 490 | 1 | |a Gigant Poleca ; |v t. 242 | |
| 500 | |a Na grzbiecie oznaczone jako 1. | ||
| 546 | |a Język podstawy tłumaczenia nieustalony. | ||
| 600 | 0 | 7 | |a Kaczor Donald |c (postać fikcyjna) |2 DBN |
| 600 | 0 | 7 | |a Myszka Miki |c (postać fikcyjna) |2 DBN |
| 600 | 0 | 7 | |a Sknerus McKwacz |c (postać fikcyjna) |2 DBN |
| 655 | 7 | |a Komiks |2 DBN | |
| 700 | 1 | |a Drewnowski, Jacek |d (1974- ) |e Tłumaczenie | |
| 710 | 2 | |a Story House Egmont |e Wydawca |4 pbl | |
| 830 | 0 | |a Gigant Poleca |v t. 242 | |
| 942 | |2 ddc |c BK |n 0 | ||
| 952 | |0 0 |1 0 |2 ddc |4 0 |6 W__14_000000000000000 |7 0 |9 1 |a WRO |b WRO |d 2026-05-15 |i WRO-014 |l 0 |o W.14 |p 2000100000144 |r 2026-05-15 09:50:55 |w 2026-05-15 |y BK | ||
| 999 | |c 1 |d 1 | ||